Candidatus abbreviatus jurisprudentiae sacrae (Record no. 8518)
[ view plain ]
| 000 -CABECERA | |
|---|---|
| campo de control de longitud fija | 00958nam a2200229 a 4500 |
| 001 - NÚMERO DE CONTROL | |
| campo de control | BRCA_8867 |
| 005 - FECHA Y HORA DE LA ÚLTIMA TRANSACCIÓN | |
| campo de control | 20190320210436.0 |
| 008 - DATOS DE LONGITUD FIJA--INFORMACIÓN GENERAL | |
| campo de control de longitud fija | 140617s1752----ag-#######---#000-0#lat-# |
| 041 ## - CÓDIGO DE LENGUA | |
| Código de lengua del texto/banda sonora o título independiente | lat |
| 084 ## - OTRO NÚMERO DE CLASIFICACIÓN | |
| Número de clasificación | BE249 |
| Número de documento/Ítem | .V58 1752 |
| 100 1# - ENTRADA PRINCIPAL--NOMBRE DE PERSONA | |
| Nombre de persona | Vitus Pichle |
| 9 (RLIN) | 22083 |
| 245 10 - MENCIÓN DE TÍTULO | |
| Título | Candidatus abbreviatus jurisprudentiae sacrae |
| Resto del título | hoc est, Juris canonici secundum Grerorri Papae IX: libros V. decreta lium explanati summa, seu compendium, quad in usum maxime Discipolorum ex libris suis collegit auctor ipse |
| Mención de responsabilidad, etc. | nimirum R. P. Vitus Pichler... |
| 250 ## - MENCIÓN DE EDICIÓN | |
| Mención de edición | 5a ed. |
| 260 ## - PUBLICACIÓN, DISTRIBUCIÓN, ETC. | |
| Lugar de publicación, distribución, etc. | [Agustae vind & wirceburgi] |
| Nombre del editor, distribuidor, etc. | Sumptibus Martini Veith |
| Fecha de publicación, distribución, etc. | 1752 |
| 300 ## - DESCRIPCIÓN FÍSICA | |
| Extensión | [14], 783 p. |
| Dimensiones | 18.2 x 11.5 cm. |
| 500 ## - NOTA GENERAL | |
| Nota general | Cum facultate superiorum |
| 500 ## - NOTA GENERAL | |
| Nota general | Estado físico: presenta encuadernación en pergamino deteriorado, con cantos decorados |
| 600 14 - PUNTO DE ACCESO ADICIONAL DE MATERIA--NOMBRE DE PERSONA | |
| Nombre de persona | Gregorio |
| Numeración | IX |
| Títulos y otros términos asociados al nombre | Papa |
| 9 (RLIN) | 22084 |
| 650 14 - PUNTO DE ACCESO ADICIONAL DE MATERIA--TÉRMINO DE MATERIA | |
| Término de materia o nombre geográfico como elemento de entrada | Derecho canónico |
| Subdivisión cronológica | Obras anteriores a 1800 |
| 9 (RLIN) | 22085 |
| 902 ## - CATALOGADOR | |
| Iniciales | CFM |
| 942 ## - ELEMENTOS DE PUNTO DE ACCESO ADICIONAL (KOHA) | |
| Fuente del sistema de clasificación o colocación | Library of Congress Classification |
| Tipo de ítem Koha | Libros |
| Estado de retiro | Estado de pérdida | Estado dañado | No para préstamo | Localización permanente | Ubicación/localización actual | Fecha de adquisición | Total de préstamos | Signatura topográfica completa | Código de barras | Fecha visto por última vez | Precio válido a partir de | Tipo de ítem Koha |
|---|---|---|---|---|---|---|---|---|---|---|---|---|
| El ejemplar forma parte de la colección y puede ser consultado según las políticas vigentes. | Biblioteca del Museo Franz Mayer (Rogerio Casas-Alatriste) | Biblioteca del Museo Franz Mayer (Rogerio Casas-Alatriste) | 14/06/2017 | BE249 .V58 1752 | CFM00190 | 22/03/2019 | 22/03/2019 | Libros |